Central Library OPAC University of Rajshahi

Fundamentals of chemistry and applications : (Record no. 9167)

MARC details
000 -LEADER
fixed length control field 00969cam a22002771 4500
001 - CONTROL NUMBER
control field 9167
003 - CONTROL NUMBER IDENTIFIER
rucl marc code BD-RjUL
005 - DATE AND TIME OF LATEST TRANSACTION
control field 20211208234729.0
008 - FIXED-LENGTH DATA ELEMENTS--GENERAL INFORMATION
fixed length control field 140120s19531950nyua 001 0 eng
035 ## - SYSTEM CONTROL NUMBER
System control number (BD-RjUL)9212
System control number (OCoLC)1902654
040 ## - CATALOGING SOURCE
Original cataloging agency DLC
Transcribing agency FMU
Modifying agency DLC
Language of cataloging eng
041 ## - LANGUAGE CODE
Language code of text/sound track or separate title eng
082 ## - DEWEY DECIMAL CLASSIFICATION NUMBER
Classification number 540
Author mark and year FRF 1953
100 1# - MAIN ENTRY--PERSONAL NAME
Personal name Francis, Charlotte A.
Fuller form of name (Charlotte Anne)
9 (RLIN) 28452
245 10 - TITLE STATEMENT
Title Fundamentals of chemistry and applications :
Remainder of title chosen from inorganic, organic, and biochemistry,with applications in physiology, microbiology, nutrition, and everyday concerns /
Statement of responsibility, etc. [by] Charlotte A. Francis and Edna C. Morse.
250 ## - EDITION STATEMENT
Edition statement 3d ed.
260 ## - PUBLICATION, DISTRIBUTION, ETC. (IMPRINT)
Place of publication, distribution, etc. New York :
Name of publisher, distributor, etc. Macmillan,
Date of publication, distribution, etc. c1950 [Reprint 1953].
300 ## - PHYSICAL DESCRIPTION
Pagination xi, 545 p. :
Illustrations illus. ;
Size 22 cm.
504 ## - BIBLIOGRAPHY, ETC. NOTE
Bibliography, etc Includes Index.
650 #0 - SUBJECT ADDED ENTRY--TOPICAL TERM
Topical term or geographic name as entry element Chemistry.
9 (RLIN) 28453
700 1# - ADDED ENTRY--PERSONAL NAME
Personal name Morse, Edna C.
Fuller form of name (Edna Curtiss)
Relator term joint author.
942 ## - ADDED ENTRY ELEMENTS (KOHA)
Source of classification or shelving scheme Dewey Decimal Classification
Koha item type Books
Holdings
Lost status Source of classification or shelving scheme Damaged status Not for loan Collection code Permanent Location Current Location Shelving location Date acquired Source of acquisition Total Checkouts Full call number Date last seen Copy number Koha item type
  Dewey Decimal Classification   Not For Loan Non-fiction Central Library, University of Rajshahi Central Library, University of Rajshahi Reading Room 23/04/1959 Asia foundation   540 FRF 1953 20/01/2014 C-1 Books